Top 10 des états les plus peuplés des états-unis - Statistiques

Statistiques générales
  • Ce quiz a été pris 72 fois
  • Le résultat moyen est 7 sur 10
Statistiques - réponses
Place PIB Etat % Correct
1 2905 milliards Californie
97%
3 1604 milliards New York
95%
2 1747 milliards Texas
95%
4 1013 milliards Floride
92%
10 555 milliards Washington
70%
5 831 milliards Illinois
55%
7 647 milliards Ohio
53%
6 754 milliards Pennsylvanie
48%
8 597 milliards New Jersey
41%
9 571 milliards Géorgie
35%
Aucun quiz correspondant
Distribution des résultats
% des personnes avec chaque résultat
Percentile par nombre de réponses
Votre historique - résultats
Vous n’avez pas pris ce quiz